Ética y entornos del directivo de agencia estatal / (Registro nro. 4946)

Detalles MARC
000 -LEADER
fixed length control field 01365nam a2200277Ia 4500
003 - CONTROL NUMBER IDENTIFIER
control field OSt
005 - DATE AND TIME OF LATEST TRANSACTION
control field 20200406131455.0
008 - FIXED-LENGTH DATA ELEMENTS--GENERAL INFORMATION
fixed length control field 191128s2008 ck gr 001 0 spa d
020 ## - INTERNATIONAL STANDARD BOOK NUMBER
International Standard Book Number 9787588378091
040 ## - CATALOGING SOURCE
Original cataloging agency CO-JMCR
Transcribing agency CO-JMCR
041 0# - LANGUAGE CODE
Language code of text/sound track or separate title spa
082 04 - DEWEY DECIMAL CLASSIFICATION NUMBER
Classification number 174.4 /
Item number M672e
100 1# - MAIN ENTRY--PERSONAL NAME
Personal name Barbosa Ramírez, David,
Relator term autor
9 (RLIN) 2532
245 10 - TITLE STATEMENT
Title Ética y entornos del directivo de agencia estatal /
Statement of responsibility, etc. David Barbosa Ramirez, Jaime Moreno Escobar
250 ## - EDITION STATEMENT
Edition statement Primera edición
260 ## - PUBLICATION, DISTRIBUTION, ETC.
Place of publication, distribution, etc. Bogotá :
Name of publisher, distributor, etc. Universidad del Rosario,
Date of publication, distribution, etc. 2008
300 ## - PHYSICAL DESCRIPTION
Extent 151 páginas ;
Dimensions 24 cm.
490 0# - SERIES STATEMENT
Series statement Colección lecciones de administración
505 ## - FORMATTED CONTENTS NOTE
Formatted contents note Propuesta inicial, razón de su transformación y metodología -- Dimensiones de la ética -- El ámbito del directivo de agencia estatal (DAE) y el ámbito del directivo de empresa privada (DEP) -- Supuestos teóricos, reflexión y formulación de hipótesis
520 ## - SUMMARY, ETC.
Summary, etc. Este texto es un estudio comparado entre los ámbitos de los directivos de agencia estatal y los de la empresa privada desde la ética, en el cual se expon, de modo sucinto, el elemento fiduciario que exixte en ambas acciones directivas.
650 14 - SUBJECT ADDED ENTRY--TOPICAL TERM
Topical term or geographic name entry element Ética y empresa
General subdivision Agencia estatal
9 (RLIN) 2533
650 24 - SUBJECT ADDED ENTRY--TOPICAL TERM
Topical term or geographic name entry element Ética pública
9 (RLIN) 2534
650 24 - SUBJECT ADDED ENTRY--TOPICAL TERM
Topical term or geographic name entry element Ética profesional
9 (RLIN) 2535
700 1# - ADDED ENTRY--PERSONAL NAME
Personal name Moreno Escobar, Jaime
Relator term autor
9 (RLIN) 2536
942 ## - ADDED ENTRY ELEMENTS (KOHA)
Source of classification or shelving scheme Dewey Decimal Classification
Koha item type Books
Existencias
Withdrawn status Lost status Source of classification or shelving scheme Materials specified (bound volume or other part) Damaged status Not for loan Home library Current library Shelving location Date acquired Source of acquisition Cost, normal purchase price Total Checkouts Full call number Barcode Date last seen Copy number Price effective from Koha item type
    Dewey Decimal Classification Donación--15/04/2018--     Biblioteca Pública José María del Castillo y Rada Biblioteca Pública José María del Castillo y Rada General Stacks 11/28/2019 Donación 0.00   174.4 / M672e 430001048 05/16/2024 Ej.1 11/28/2019 Books